<?xml version="1.0" encoding="UTF-8"?>
<record
    xmlns:xsi="http://www.w3.org/2001/XMLSchema-instance"
    xsi:schemaLocation="http://www.loc.gov/MARC21/slim http://www.loc.gov/standards/marcxml/schema/MARC21slim.xsd"
    xmlns="http://www.loc.gov/MARC21/slim">

  <leader>00822nam a22002657a 4500</leader>
  <controlfield tag="001">AUWbook033510</controlfield>
  <controlfield tag="003">BDCtgAUW</controlfield>
  <controlfield tag="005">20260428214001.0</controlfield>
  <controlfield tag="008">260424b        ja ||||| |||| 00| 0 jpn d</controlfield>
  <datafield tag="020" ind1=" " ind2=" ">
    <subfield code="a">9784872176421</subfield>
  </datafield>
  <datafield tag="040" ind1=" " ind2=" ">
    <subfield code="a">BDCtgAUW</subfield>
    <subfield code="c">BDCtgAUW</subfield>
  </datafield>
  <datafield tag="041" ind1="0" ind2=" ">
    <subfield code="a">jpn</subfield>
  </datafield>
  <datafield tag="050" ind1=" " ind2="4">
    <subfield code="a">PL539</subfield>
    <subfield code="b">.Y27 2007</subfield>
  </datafield>
  <datafield tag="100" ind1="1" ind2=" ">
    <subfield code="a">Yamazaki, Tomoko.</subfield>
    <subfield code="e">author</subfield>
    <subfield code="9">59454</subfield>
  </datafield>
  <datafield tag="245" ind1="1" ind2="0">
    <subfield code="a">Japanese graded readers :</subfield>
    <subfield code="b">level 2, vol. 2, part 9 /</subfield>
    <subfield code="c">Tomoko Yamazaki.</subfield>
  </datafield>
  <datafield tag="260" ind1=" " ind2=" ">
    <subfield code="a"> Japan : </subfield>
    <subfield code="b">Ask publishing, </subfield>
    <subfield code="c">2007.</subfield>
  </datafield>
  <datafield tag="300" ind1=" " ind2=" ">
    <subfield code="a">21pages :</subfield>
    <subfield code="b">pictures;</subfield>
    <subfield code="c">22cm.</subfield>
  </datafield>
  <datafield tag="362" ind1="0" ind2=" ">
    <subfield code="a">level 2, vol. 2, part 9</subfield>
  </datafield>
  <datafield tag="490" ind1="1" ind2=" ">
    <subfield code="a">Japanese graded readers.</subfield>
  </datafield>
  <datafield tag="500" ind1=" " ind2=" ">
    <subfield code="a">Japanese language.</subfield>
  </datafield>
  <datafield tag="650" ind1=" " ind2="4">
    <subfield code="a"> Japanese language</subfield>
    <subfield code="x">Conversation and phrase books.</subfield>
  </datafield>
  <datafield tag="830" ind1=" " ind2="0">
    <subfield code="a">Japanese graded readers.</subfield>
    <subfield code="9">91690</subfield>
  </datafield>
  <datafield tag="887" ind1=" " ind2=" ">
    <subfield code="2">8</subfield>
    <subfield code="a">Papia Akter</subfield>
  </datafield>
  <datafield tag="942" ind1=" " ind2=" ">
    <subfield code="2">lcc</subfield>
    <subfield code="c">BK</subfield>
    <subfield code="n">0</subfield>
  </datafield>
  <datafield tag="952" ind1=" " ind2=" ">
    <subfield code="0">0</subfield>
    <subfield code="1">0</subfield>
    <subfield code="2">lcc</subfield>
    <subfield code="4">0</subfield>
    <subfield code="7">0</subfield>
    <subfield code="8">FIC</subfield>
    <subfield code="a">AUWL</subfield>
    <subfield code="b">AUWL</subfield>
    <subfield code="c">Japanese Corner</subfield>
    <subfield code="d">2016-05-10</subfield>
    <subfield code="e">JKSK &amp; Toshiba Foundation</subfield>
    <subfield code="l">0</subfield>
    <subfield code="o"> PL539 .Y27 2007</subfield>
    <subfield code="p">033510</subfield>
    <subfield code="r">2026-04-24 14:25:51</subfield>
    <subfield code="w">2026-04-24</subfield>
    <subfield code="y">BK</subfield>
  </datafield>
  <datafield tag="999" ind1=" " ind2=" ">
    <subfield code="c">18686</subfield>
    <subfield code="d">18686</subfield>
  </datafield>
  <datafield tag="888" ind1=" " ind2=" ">
    <subfield code="2">8</subfield>
  </datafield>
</record>
